header

Monks, manuscripts and sundials (Record no. 133709)

MARC details
000 -LEADER
fixed length control field 02104nam a2200409 a 4500
082 04 - DEWEY DECIMAL CLASSIFICATION NUMBER
Classification number 681.1/11209420902
100 1# - MAIN ENTRY--AUTHOR NAME
Personal name Eagleton, Catherine.
245 10 - TITLE STATEMENT
Title Monks, manuscripts and sundials
260 ## - PUBLICATION, DISTRIBUTION, ETC. (IMPRINT)
Place of publication Leiden [Netherlands] ;
-- Boston :
Name of publisher Brill,
Year of publication 2010.
300 ## - PHYSICAL DESCRIPTION
Number of Pages x, 292 p. :
Other physical details ill.
490 1# - SERIES STATEMENT
Series statement History of science and medicine library,
Series statement Medieval and early modern science ;
505 0# - FORMATTED CONTENTS NOTE
Formatted contents note Monks, manuscripts, and sundials : the navicula in medieval England -- Five fifteenth-century sundials -- Manuscript sources about the navicula -- Calendar tables and latitude lists -- Texts, instruments, diagrams and relations between them -- Using a sundial, understanding the heavens? -- The navicula and the organum ptolomei -- How sixteenth-century books redefined a medieval sundial.
650 #0 - SUBJECT ADDED ENTRY--TOPICAL TERM
Topical Term Sundials
Topical Term Sundials
856 40 - ELECTRONIC LOCATION AND ACCESS
Uniform Resource Identifier http://site.ebrary.com/lib/rucke/Doc?id=10439240

No items available.

© 2026 Rongo University
Contact us: librarian | system librarian | Rongo university